<?xml version="1.0" encoding="UTF-8"?>
<record
    xmlns:xsi="http://www.w3.org/2001/XMLSchema-instance"
    xsi:schemaLocation="http://www.loc.gov/MARC21/slim http://www.loc.gov/standards/marcxml/schema/MARC21slim.xsd"
    xmlns="http://www.loc.gov/MARC21/slim">

  <leader>00548    a2200157   4500</leader>
  <controlfield tag="005">20250506142128.0</controlfield>
  <datafield tag="020" ind1=" " ind2=" ">
    <subfield code="a">0-07-293794-7</subfield>
  </datafield>
  <datafield tag="082" ind1=" " ind2=" ">
    <subfield code="a">LECT 302.201 MIL</subfield>
  </datafield>
  <datafield tag="100" ind1=" " ind2=" ">
    <subfield code="a">MILLER, K.</subfield>
  </datafield>
  <datafield tag="245" ind1=" " ind2=" ">
    <subfield code="a">Communication Theories: Perspectives, Process, and Contexts</subfield>
  </datafield>
  <datafield tag="250" ind1=" " ind2=" ">
    <subfield code="a">2nd Ed.</subfield>
  </datafield>
  <datafield tag="260" ind1=" " ind2=" ">
    <subfield code="a">New York,</subfield>
    <subfield code="b">McGraw-Hill,</subfield>
    <subfield code="c">2005.</subfield>
  </datafield>
  <datafield tag="300" ind1=" " ind2=" ">
    <subfield code="a">xi, 355p,: ill,;figure, picture, table.</subfield>
    <subfield code="b">Bibliography &amp; index.</subfield>
    <subfield code="c">24cm.</subfield>
  </datafield>
  <datafield tag="856" ind1=" " ind2=" ">
    <subfield code="y">Access Online Book</subfield>
    <subfield code="f">Communication Theories: Perspectives, Process, and Contexts</subfield>
    <subfield code="d">www.mhhe.com/miller2</subfield>
  </datafield>
  <datafield tag="942" ind1=" " ind2=" ">
    <subfield code="2">ddc</subfield>
    <subfield code="c">BKS</subfield>
  </datafield>
  <datafield tag="999" ind1=" " ind2=" ">
    <subfield code="c">2044</subfield>
    <subfield code="d">2044</subfield>
  </datafield>
  <datafield tag="952" ind1=" " ind2=" ">
    <subfield code="r">2025-05-06 14:25:11</subfield>
    <subfield code="l">0</subfield>
    <subfield code="o">LECT 302.201 MIL</subfield>
    <subfield code="p">0000007804</subfield>
    <subfield code="v">120000.00</subfield>
    <subfield code="w">2025-05-06</subfield>
    <subfield code="y">BKS</subfield>
    <subfield code="1">0</subfield>
    <subfield code="2">ddc</subfield>
    <subfield code="4">0</subfield>
    <subfield code="7">0</subfield>
    <subfield code="0">0</subfield>
    <subfield code="a">CBEML</subfield>
    <subfield code="b">CBEML</subfield>
    <subfield code="c">GEN</subfield>
    <subfield code="d">2011-05-26</subfield>
    <subfield code="g">40000.00</subfield>
  </datafield>
  <datafield tag="952" ind1=" " ind2=" ">
    <subfield code="r">2025-05-06 14:25:11</subfield>
    <subfield code="l">0</subfield>
    <subfield code="o">LECT 302.201 MIL</subfield>
    <subfield code="p">0000007805</subfield>
    <subfield code="v">120000.00</subfield>
    <subfield code="w">2025-05-06</subfield>
    <subfield code="y">BKS</subfield>
    <subfield code="1">0</subfield>
    <subfield code="2">ddc</subfield>
    <subfield code="4">0</subfield>
    <subfield code="7">0</subfield>
    <subfield code="0">0</subfield>
    <subfield code="a">CBEML</subfield>
    <subfield code="b">CBEML</subfield>
    <subfield code="c">GEN</subfield>
    <subfield code="d">2011-05-26</subfield>
    <subfield code="g">40000.00</subfield>
  </datafield>
  <datafield tag="952" ind1=" " ind2=" ">
    <subfield code="r">2025-05-06 14:25:11</subfield>
    <subfield code="l">0</subfield>
    <subfield code="o">LECT 302.201 MIL</subfield>
    <subfield code="p">0000007806</subfield>
    <subfield code="v">120000.00</subfield>
    <subfield code="w">2025-05-06</subfield>
    <subfield code="y">BKS</subfield>
    <subfield code="1">0</subfield>
    <subfield code="2">ddc</subfield>
    <subfield code="4">0</subfield>
    <subfield code="7">0</subfield>
    <subfield code="0">0</subfield>
    <subfield code="a">CBEML</subfield>
    <subfield code="b">CBEML</subfield>
    <subfield code="c">GEN</subfield>
    <subfield code="d">2011-05-26</subfield>
    <subfield code="g">40000.00</subfield>
  </datafield>
  <datafield tag="952" ind1=" " ind2=" ">
    <subfield code="r">2025-05-06 14:25:11</subfield>
    <subfield code="l">0</subfield>
    <subfield code="o">LECT 302.201 MIL</subfield>
    <subfield code="p">0000007807</subfield>
    <subfield code="v">120000.00</subfield>
    <subfield code="w">2025-05-06</subfield>
    <subfield code="y">BKS</subfield>
    <subfield code="1">0</subfield>
    <subfield code="2">ddc</subfield>
    <subfield code="4">0</subfield>
    <subfield code="7">0</subfield>
    <subfield code="0">0</subfield>
    <subfield code="a">CBEML</subfield>
    <subfield code="b">CBEML</subfield>
    <subfield code="c">GEN</subfield>
    <subfield code="d">2011-05-26</subfield>
    <subfield code="g">40000.00</subfield>
  </datafield>
  <datafield tag="952" ind1=" " ind2=" ">
    <subfield code="r">2025-05-06 14:25:11</subfield>
    <subfield code="l">0</subfield>
    <subfield code="o">LECT 302.201 MIL</subfield>
    <subfield code="p">0000007808</subfield>
    <subfield code="v">120000.00</subfield>
    <subfield code="w">2025-05-06</subfield>
    <subfield code="y">BKS</subfield>
    <subfield code="1">0</subfield>
    <subfield code="2">ddc</subfield>
    <subfield code="4">0</subfield>
    <subfield code="7">0</subfield>
    <subfield code="0">0</subfield>
    <subfield code="a">CBEML</subfield>
    <subfield code="b">CBEML</subfield>
    <subfield code="c">GEN</subfield>
    <subfield code="d">2011-05-26</subfield>
    <subfield code="g">40000.00</subfield>
  </datafield>
</record>
